Cobuild primary learner's dictionary
| Format: | Book |
|---|---|
| Published: |
Glasgow :
HarperCollinsPublishers ,
2014
|
| Subjects: |
MARC
| LEADER | 00000cam a2200000 7i4500 | ||
|---|---|---|---|
| 001 | 0000191358 | ||
| 005 | 20150722.0 | ||
| 020 | |a 9780007556540 | ||
| 090 | 0 | 0 | |a 423 |b COB |
| 245 | 0 | 0 | |a Cobuild primary learner's dictionary |
| 260 | |a Glasgow : |b HarperCollinsPublishers , |c 2014 | ||
| 300 | |a 1 v. (unpaged) ; |c 20cm. | ||
| 650 | 0 | |a English language |v Dictionaries | |
| 999 | |a 00310925 |b BUKU |c RUJUKAN |e PERPUSTAKAAN KOMUNITI PETALING JAYA | ||